| 000 | 005940000a22001090004500 | ||
|---|---|---|---|
| 100 | 1 | _aZapata León, Sergio | |
| 245 | 1 | 0 | _aA la sombra de la ceiba |
| 300 | _aVol.0, núm.20 (Mayo, 2007), Páginas 26-27 | ||
| 520 | _aComenzó en 1980 con Lo amador, un libro de cuentos que es considerado como uno de los grandes textos de narrativa breve de Colombia. Ahora, veintisiete años después, ha vuelto al patio de su Cartagena natal para escribir una novela histórica. ¿Se ha contado bien la historia del esclavismo en el país? | ||
| 773 | 0 | _tArcadia / Andrés Felipe Solano, Editor | |
| 942 | _cANA | ||
| 999 |
_c62192 _d62192 |
||